[Event "It (open) \"]
[Site "masterchessopen.com Buenos Aires (Argentina)"]
[Round "2"]
[White "Fiorito Fabian (ARG)"]
[Black "Del Castillo Gustavo (ARG)"]
[Result "0-1"]
[WhiteElo "2438"]
[BlackElo "2211"]

1.Nf3 c5 2.e4 e6 3.d4 cxd4 4.Nxd4 Nf6 5.Nc3 d6 6.f4 a6 7.Qf3 Qc7 8.g4 Nc6
9.Nb3 d5 10.e5 Nd7 11.Be3 g5 12.fxg5 Ndxe5 13.Qe2 Bg7 14.O-O-O O-O 15.Bg2 Nc4
16.Bc5 Bd7 17.Rhf1 Rfc8 18.Qf2 Be8 19.Rd3 b6 20.Bd4 Nxd4 21.Nxd4 b5 22.Nde2 b4
23.Nd1 Nxb2 24.Rd2 Nd3+ {#R} 0-1

[Event "Cup Latin (corr.)"]
[Site "masterchessopen.com corr."]
[Round "0"]
[White "Pipitone Antonio (ITA)"]
[Black "Jenal Juerg (SUI)"]
[Result "1-0"]
[WhiteElo "1971"]
[BlackElo "2126"]

1.e4 c5 2.Nf3 d6 3.d4 cxd4 4.Nxd4 Nf6 5.Nc3 e6 6.f4 Nc6 7.Be3 e5 8.Nf3 Ng4
9.Bd2 Be7 10.Bc4 Be6 11.Bxe6 fxe6 12.Ng5 h5 13.Nxe6 Qb6 14.Qe2 Kf7 15.f5 Rhc8
16.Na4 Qa6 17.Qxa6 bxa6 18.c3 Nd8 19.h3 Bh4+ 20.Ke2 Nf2 21.Nxd8+ Rxd8 22.Be1
{#r} 1-0

[Event "Match \"]
[Site "masterchessopen.com Eksjo (Sweden)"]
[Round "0"]
[White "Schneider Lars-Ake (SWE)"]
[Black "Hakulinen Esko-Matti (FIN)"]
[Result "1-0"]
[WhiteElo "2364"]
[BlackElo "2328"]

1.e4 c5 2.Nf3 e6 3.d4 cxd4 4.Nxd4 Nf6 5.Nc3 d6 6.f4 Nc6 7.Nf3 Qb6 8.Bd3 a6
9.Qe2 Be7 10.a3 g6 11.b3 O-O 12.Bb2 Re8 13.O-O-O Qc7 14.h4 d5 15.e5 d4 16.Ne4
Nd5 17.g3 h5 18.Qd2 b5 19.g4 hxg4 20.h5 gxf3 21.hxg6 Nxe5 22.fxe5 Qxe5 23.g7
Bb7 24.Rh8+ {#r} 1-0

[Event "Ch Sweden"]
[Site "masterchessopen.com Goteborg (Sweden)"]
[Round "0"]
[White "Schneider Lars-Ake (SWE)"]
[Black "Astrom Robert (SWE)"]
[Result "1-0"]
[WhiteElo "2364"]
[BlackElo "2445"]

1.e4 c5 2.Nf3 e6 3.d4 cxd4 4.Nxd4 Nf6 5.Nc3 d6 6.f4 Be7 7.Bd3 O-O 8.Nf3 Nc6
9.O-O a6 10.Kh1 Qc7 11.Qe2 Nd7 12.Bd2 Nc5 13.e5 dxe5 14.fxe5 b5 15.Ne4 Nxd3
16.cxd3 Bb7 17.Rac1 Rad8 18.Bg5 Bxg5 19.Nfxg5 h6 20.Qh5 Qxe5 21.Rxf7 Na5
22.Rcf1 {#r} 1-0

[Event "It (open)"]
[Site "masterchessopen.com Rome (Italy)"]
[Round "0"]
[White "Vuksanovic Sanja (SRB)"]
[Black "Tocchioni Doriano (ITA)"]
[Result "0-1"]
[WhiteElo "2234"]
[BlackElo "2237"]

1.e4 c5 2.Nf3 e6 3.d4 cxd4 4.Nxd4 Nf6 5.Nc3 d6 6.f4 a6 7.Bd3 Qc7 8.Nf3 Nbd7
9.O-O Be7 10.Kh1 b5 11.a3 Bb7 12.Qe1 O-O 13.e5 Nd5 14.exd6 Qxd6 15.Ne4 Qc7
16.Nd4 h6 17.f5 e5 18.Qg3 exd4 {#R} 0-1

[Event "Ch Tenerife"]
[Site "masterchessopen.com Tenerife (Spain)"]
[Round "6"]
[White "Ramos Aguilar Jose (ESP)"]
[Black "Camacho Dominguez Florencio (ESP)"]
[Result "1-0"]
[WhiteElo "2217"]
[BlackElo "1834"]

1.e4 c5 2.Nf3 d6 3.d4 cxd4 4.Nxd4 Nf6 5.Nc3 e6 6.f4 a6 7.Be3 Be7 8.Qf3 O-O
9.O-O-O Qc7 10.g4 b5 11.g5 Nfd7 12.h4 b4 13.Nce2 Bb7 14.h5 Rc8 15.Rd2 Nc5
16.Ng3 e5 17.fxe5 dxe5 18.Bc4 Bxg5 19.Bxg5 Nxe4 20.Nxe4 Qxc4 21.Nf6+ Kf8
22.Qxb7 exd4 23.Bf4 g6 24.Bh6# 1-0

[Event "It (open)"]
[Site "masterchessopen.com USA"]
[Round "0"]
[White "Edelman Daniel (USA)"]
[Black "Kraai Jesse (USA)"]
[Result "1-0"]
[WhiteElo "2360"]
[BlackElo "2514"]

1.e4 c5 2.Nf3 e6 3.d4 cxd4 4.Nxd4 Nf6 5.Nc3 d6 6.f4 Nc6 7.Be3 Be7 8.Qf3 e5
9.Nxc6 bxc6 10.f5 Rb8 11.O-O-O Qa5 12.Bc4 d5 13.exd5 Ba3 14.bxa3 Qxc3 15.Bxa7
Qxf3 16.gxf3 Ra8 17.Bc5 Nd7 18.Bd6 c5 19.Rhe1 f6 20.Bb5 Kf7 21.a4 Nb6 22.f4
Nxa4 23.fxe5 fxe5 24.Bxe5 {#r} 1-0

[Event "It"]
[Site "masterchessopen.com Vrnjacka Banja (Serbia)"]
[Round "0"]
[White "Todorovic Goran M (SRB)"]
[Black "Cvetkovic Srdjan (SRB)"]
[Result "1-0"]
[WhiteElo "2487"]
[BlackElo "2406"]

1.e4 c5 2.Nf3 e6 3.d4 cxd4 4.Nxd4 Nf6 5.Nc3 d6 6.f4 Nc6 7.Be3 e5 8.Nf3 Ng4
9.Qd2 g6 10.fxe5 Nxe3 11.Qxe3 dxe5 12.Bc4 Be6 13.Bxe6 fxe6 14.O-O Be7 15.Rad1
Qa5 16.Qh6 Bf6 17.Ng5 Qc5+ 18.Kh1 Qe7 19.Nxe6 Qxe6 20.Nb5 Rc8 21.Rd6 Qc4
22.Rdxf6 Qxb5 23.Qg7 {#r} 1-0

[Event "Ch Leningrad"]
[Site "masterchessopen.com Leningrad (Russia)"]
[Round "0"]
[White "Lukin Andrei M (RUS)"]
[Black "Kozlov Vladimir N (RUS)"]
[Result "1-0"]
[WhiteElo "2445"]
[BlackElo "2268"]

1.e4 c5 2.Nf3 e6 3.d4 cxd4 4.Nxd4 Nf6 5.Nc3 d6 6.f4 Be7 7.Be3 O-O 8.Qf3 e5
9.Nf5 Bxf5 10.exf5 Nbd7 11.O-O-O Qa5 12.Bc4 Rac8 13.Bb3 Rxc3 14.bxc3 d5 15.Kb1
e4 16.Qe2 h5 17.h3 h4 18.g4 hxg3 19.Rhg1 d4 20.Bxd4 Qxf5 21.Rxg3 Re8 22.Rdg1
Bf8 23.Rg5 Qh7 24.Ba4 Re7 25.Bxd7 Nxd7 26.Rh5 {#r} 1-0

[Event "It (open)"]
[Site "masterchessopen.com Balatonbereny (Hungary)"]
[Round "0"]
[White "Sirigos Nikolaos (GRE)"]
[Black "Vegh Endre (HUN)"]
[Result "1-0"]
[WhiteElo "2257"]
[BlackElo "2267"]

1.e4 c5 2.Nf3 e6 3.d4 cxd4 4.Nxd4 Nf6 5.Nc3 d6 6.f4 a6 7.Bd3 Nbd7 8.O-O Qc7
9.Kh1 b5 10.a3 Bb7 11.Qe1 g6 12.e5 dxe5 13.fxe5 Nd5 14.Qf2 Nxe5 15.Ncxb5 axb5
16.Bxb5+ Kd8 17.Nxe6+ fxe6 18.Bg5+ Qe7 19.Bxe7+ Bxe7 20.Rad1 Kc7 21.c4 {#r}
1-0

[Event "It"]
[Site "masterchessopen.com Beer-Sheva (Israel)"]
[Round "9"]
[White "Ofek Ram (ISR)"]
[Black "Gofshtein Zvulon (ISR)"]
[Result "0-1"]
[WhiteElo "2305"]
[BlackElo "2550"]

1.e4 c5 2.Nf3 e6 3.d4 cxd4 4.Nxd4 Nf6 5.Nc3 d6 6.f4 a6 7.Qf3 Qb6 8.Nb3 Qc7
9.a4 b6 10.Bd3 Bb7 11.O-O g6 12.Qh3 Nbd7 13.Be3 Bg7 14.Rae1 h5 15.Qg3 Nc5
16.Bd4 Rg8 17.e5 Ng4 18.h3 Nh6 19.Bxc5 dxc5 20.Nd2 Nf5 21.Bxf5 gxf5 22.Nc4
O-O-O 23.Nd6+ Rxd6 24.exd6 Bd4+ 25.Kh2 {#R} 0-1

[Event "It (open)"]
[Site "masterchessopen.com Biel (Switzerland)"]
[Round "6"]
[White "Belotti Bruno (ITA)"]
[Black "Sanchez Almeyra Jorge (ARG)"]
[Result "0-1"]
[WhiteElo "2433"]
[BlackElo "2447"]

1.e4 c5 2.Nf3 e6 3.d4 cxd4 4.Nxd4 Nf6 5.Nc3 d6 6.f4 a6 7.Qf3 Qb6 8.a3 Nc6
9.Nb3 Be7 10.Bd3 Qc7 11.O-O O-O 12.Bd2 b5 13.Kh1 Bb7 14.Qh3 b4 15.axb4 Nxb4
16.Na5 Nxd3 17.cxd3 Rac8 18.f5 exf5 19.Qxf5 Ba8 20.Nc4 Qb7 21.Bg5 Rc5 {#R} 0-1

[Event "Ch Croatia (team) (2nd league)"]
[Site "masterchessopen.com Croatia"]
[Round "0"]
[White "Brunski Igor (CRO)"]
[Black "Fercec Nenad (CRO)"]
[Result "0-1"]
[WhiteElo "2159"]
[BlackElo "2456"]

1.e4 c5 2.Nf3 e6 3.d4 cxd4 4.Nxd4 Nf6 5.Nc3 d6 6.f4 Be7 7.Bd3 O-O 8.Nf3 Nc6
9.O-O a6 10.Kh1 Qc7 11.Qe1 b5 12.e5 dxe5 13.fxe5 Nd7 14.Qe4 g6 15.Bh6 Bb7
16.Bxf8 Rxf8 17.Qf4 f5 18.Rae1 Ncxe5 19.Nd4 Rf6 20.h4 Bd6 21.Qd2 Qc5 22.Nb3
Qb6 23.Ne2 Ng4 24.Ned4 Bb8 25.Rf3 Qd6 26.Rh3 Ba7 {#R} 0-1

[Event "It \"]
[Site "masterchessopen.com Gausdal (Norway)"]
[Round "8"]
[White "Emms John M (ENG)"]
[Black "Grotnes Nils (NOR)"]
[Result "1-0"]
[WhiteElo "2455"]
[BlackElo "2345"]

1.e4 c5 2.Nf3 e6 3.d4 cxd4 4.Nxd4 Nf6 5.Nc3 d6 6.f4 Be7 7.Be3 O-O 8.Qf3 Nc6
9.O-O-O Qa5 10.Nb3 Qh5 11.g4 Qxg4 12.Qf2 Qg6 13.Rg1 Nxe4 14.Nxe4 Qxe4 15.Bd3
Qa4 16.Rxg7+ Kxg7 17.Qg3+ Kh8 18.Rg1 Bf6 19.Qh3 Bxb2+ 20.Kxb2 f5 21.Qg3 {#r}
1-0

[Event "Ch Great Britain"]
[Site "masterchessopen.com Great Britain"]
[Round "0"]
[White "Emms John M (ENG)"]
[Black "Moore Gerald (ENG)"]
[Result "1-0"]
[WhiteElo "2455"]
[BlackElo "2237"]

1.e4 c5 2.Nf3 e6 3.d4 cxd4 4.Nxd4 Nf6 5.Nc3 d6 6.f4 Nc6 7.Nf3 Be7 8.Bd3 a6
9.O-O Qc7 10.a3 O-O 11.Qe1 Nd7 12.b4 Bf6 13.Bb2 g6 14.Kh1 b5 15.Ng5 h6 16.Nf3
Bg7 17.Nd5 exd5 18.Bxg7 Kxg7 19.Qc3+ Kg8 20.exd5 Bb7 21.Nd4 Rac8 22.dxc6 Bxc6
23.Qb3 Kg7 24.f5 Nf6 25.fxg6 {#r} 1-0

[Event "Ch Hungary (w)"]
[Site "masterchessopen.com Hungary"]
[Round "2"]
[White "Forgo Eva (HUN)"]
[Black "Palko Gabriella (HUN)"]
[Result "1-0"]
[WhiteElo "2171"]
[BlackElo "2086"]

1.e4 c5 2.Nf3 e6 3.d4 cxd4 4.Nxd4 d6 5.Nc3 Nf6 6.f4 Be7 7.Qf3 Nc6 8.Be3 Bd7
9.Bd3 a6 10.O-O O-O 11.Kh1 Nxd4 12.Bxd4 Bc6 13.Qh3 g6 14.Rae1 b5 15.a3 d5
16.e5 Ne8 17.Re3 Kh8 18.Ne2 Rc8 19.Qh6 Rg8 20.Rh3 Rg7 21.Ng1 Kg8 22.Nf3 f5
23.exf6 Bxf6 24.Ne5 Nd6 25.Bxg6 {#r} 1-0

[Event "Olympiad"]
[Site "masterchessopen.com Manila (Philippines)"]
[Round "12"]
[White "Mokry Karel (CZE)"]
[Black "Veingold Aleksandr (EST)"]
[Result "1-0"]
[WhiteElo "2420"]
[BlackElo "2473"]

1.e4 c5 2.Nf3 e6 3.d4 cxd4 4.Nxd4 Nf6 5.Nc3 d6 6.f4 Be7 7.Bd3 Nc6 8.Nf3 O-O
9.O-O Nb4 10.Be2 Qb6+ 11.Kh1 d5 12.e5 Ne4 13.a3 Nxc3 14.bxc3 Na6 15.Bd3 Nc5
16.Be3 Qc7 17.Bxh7+ Kxh7 18.Ng5+ Bxg5 19.fxg5 Nd7 20.Qh5+ Kg8 21.Qf3 Qxe5
22.Bd4 Qf5 23.Qxf5 exf5 24.Rae1 a5 25.Re3 Rd8 26.g6 {#r} 1-0

[Event "Ch Norway"]
[Site "masterchessopen.com Norway"]
[Round "0"]
[White "Moen Ole-Christian (NOR)"]
[Black "Tisdall Jonathan D (NOR)"]
[Result "0-1"]
[WhiteElo "2220"]
[BlackElo "2435"]

1.e4 c5 2.Nf3 d6 3.d4 cxd4 4.Nxd4 Nf6 5.Nc3 e6 6.f4 a6 7.Bd3 Be7 8.O-O Qc7
9.Kh1 Nc6 10.Be3 O-O 11.a3 Nxd4 12.Bxd4 e5 13.Be3 b5 14.Qf3 Bb7 15.Rae1 Rae8
16.Qh3 Bd8 17.fxe5 dxe5 18.Bg5 Qd7 19.Rf5 Qd6 20.Nd5 Bc8 21.Nxf6+ Bxf6 22.Bd2
Bxf5 23.exf5 e4 24.Bb4 exd3 {#R} 0-1

[Event "It (open)"]
[Site "masterchessopen.com Oberwart (Austria)"]
[Round "8"]
[White "Dvoirys Semen I (RUS)"]
[Black "Morawietz Dieter (GER)"]
[Result "1-0"]
[WhiteElo "2515"]
[BlackElo "2432"]

1.e4 c5 2.Nf3 e6 3.d4 cxd4 4.Nxd4 Nf6 5.Nc3 d6 6.f4 Be7 7.Nf3 O-O 8.Bd3 Nc6
9.O-O e5 10.Kh1 exf4 11.Bxf4 Bg4 12.Qe1 Nh5 13.Be3 Bxf3 14.gxf3 Qd7 15.Nd5 Bd8
16.Rg1 Ne5 17.Qe2 Nxd3 18.cxd3 f5 19.Bd4 Bf6 20.Nxf6+ Nxf6 21.Rg5 Rae8 22.Rag1
Re7 23.Qe1 fxe4 24.fxe4 b6 25.Qh4 Qa4 26.Qh6 {#r} 1-0

[Event "It (open)"]
[Site "masterchessopen.com Zalaegerszeg (Hungary)"]
[Round "0"]
[White "Horvath Gyula (HUN)"]
[Black "David Alberto (LUX)"]
[Result "1-0"]
[WhiteElo "2364"]
[BlackElo "2365"]

1.e4 c5 2.Nf3 e6 3.d4 cxd4 4.Nxd4 Nf6 5.Nc3 d6 6.f4 Nc6 7.Be3 e5 8.Nde2 Ng4
9.Bg1 exf4 10.Nxf4 Be7 11.Qd2 Nge5 12.O-O-O Bg4 13.Be2 Bxe2 14.Qxe2 O-O 15.Kb1
Re8 16.Ncd5 Bf8 17.Be3 Rb8 18.Rhf1 Nd7 19.Nh5 Re6 20.Qf2 Nce5 21.Bxa7 Ra8
22.Bd4 Rh6 23.g4 Qg5 24.h3 Rxh5 25.gxh5 Qxh5 26.Qf5 {#r} 1-0

[Event "Ch World (juniors) (under 14)"]
[Site "masterchessopen.com Bratislava (Slovakia)"]
[Round "4"]
[White "Gershon Alik (ISR)"]
[Black "Matikozian Andranik (ARM)"]
[Result "1-0"]
[WhiteElo "2499"]
[BlackElo "2464"]

1.e4 c5 2.Nf3 e6 3.d4 cxd4 4.Nxd4 Nf6 5.Nc3 d6 6.f4 a6 7.Bd3 b5 8.e5 dxe5
9.fxe5 Nfd7 10.Nxe6 Qa5 11.Nxf8 Nxf8 12.Be4 Ra7 13.Qd6 Nbd7 14.Be3 Bb7 15.O-O
b4 16.Nd5 {#r} 1-0

[Event "It (sheveningen)"]
[Site "masterchessopen.com Bucharest (Romania)"]
[Round "0"]
[White "Hristodorescu Daniel (ROM)"]
[Black "Dumitrescu Dragos-Nicolae (ROM)"]
[Result "0-1"]
[WhiteElo "2209"]
[BlackElo "2343"]

1.e4 c5 2.Nf3 d6 3.d4 cxd4 4.Nxd4 Nf6 5.Nc3 e6 6.f4 Nc6 7.Nf3 Be7 8.Bd3 O-O
9.O-O e5 10.Kh1 a6 11.a4 Qc7 12.Qe1 Re8 13.Nd5 Qd8 14.Be3 Nxd5 15.exd5 exf4
16.Bxf4 Bf6 17.Qg3 Nb4 18.Bxh7+ Kxh7 19.Ng5+ Kg8 20.h4 Nxd5 21.Qd3 Nxf4
22.Qh7+ Kf8 23.Rxf4 Bxg5 24.hxg5 Qxg5 25.Raf1 Be6 {#R} 0-1

[Event "It (open) \"]
[Site "masterchessopen.com Olivos (Argentina)"]
[Round "7"]
[White "Dos Santos Ramiro (ARG)"]
[Black "Bruno Eduardo (ARG)"]
[Result "0-1"]
[WhiteElo "2453"]
[BlackElo "2266"]

1.e4 c5 2.Nf3 e6 3.d4 cxd4 4.Nxd4 Nf6 5.Nc3 d6 6.f4 Be7 7.Be3 O-O 8.Qf3 Nc6
9.O-O-O Nxd4 10.Bxd4 e5 11.fxe5 dxe5 12.Bxe5 Qa5 13.Bd6 Bxd6 14.Rxd6 Be6
15.Kb1 Rac8 16.a3 b5 17.Be2 b4 18.Ra6 Qc5 19.axb4 Qxb4 20.Nd5 Bxd5 21.exd5 Ne4
22.Qe3 Rfe8 23.Ka1 Rxc2 24.Rb1 Nf6 25.Qxa7 Rcxe2 26.Rb6 Qxb6 {#R} 0-1

[Event "Cup Croatia"]
[Site "masterchessopen.com Pula (Croatia)"]
[Round "5"]
[White "Leventic Ivan (CRO)"]
[Black "Orak Ljubomir (CRO)"]
[Result "1-0"]
[WhiteElo "2390"]
[BlackElo "2308"]

1.e4 c5 2.Nf3 d6 3.d4 cxd4 4.Nxd4 Nf6 5.Nc3 e6 6.f4 a6 7.Qf3 Qb6 8.a3 Nc6
9.Nb3 Be7 10.Bd3 O-O 11.Bd2 Nd7 12.O-O-O Nc5 13.Nxc5 Qxc5 14.Na4 Qd4 15.c4 b5
16.Be3 Qf6 17.Nb6 Rb8 18.e5 dxe5 19.Qxc6 exf4 20.Qe4 g6 21.Bd4 Qg5 22.h4 Qh5
23.Qxf4 e5 24.Nxc8 {#r} 1-0

[Event "It"]
[Site "masterchessopen.com Wohlen (Switzerland)"]
[Round "4"]
[White "Landenbergue Claude (SUI)"]
[Black "Atlas Valeri (AUT)"]
[Result "1-0"]
[WhiteElo "2397"]
[BlackElo "2412"]

1.e4 c5 2.Nf3 e6 3.d4 cxd4 4.Nxd4 Nf6 5.Nc3 d6 6.f4 Be7 7.Bb5+ Nbd7 8.e5 Ng8
9.f5 dxe5 10.Nxe6 fxe6 11.Qh5+ Kf8 12.fxe6 Qe8 13.Rf1+ Ngf6 14.Qh3 Kg8 15.Rxf6
Nxf6 16.Bxe8 Nxe8 17.Nd5 Bf6 18.Qf5 h6 19.Be3 b6 20.O-O-O Bb7 21.Qg6 Bc6 22.c3
Rc8 23.g4 Bh4 24.g5 Bxd5 25.Qf7+ {#r} 1-0

[Event "Ch Netherlands (open)"]
[Site "masterchessopen.com Amsterdam (Netherlands)"]
[Round "3"]
[White "Van Der Wiel John T H (NED)"]
[Black "Pliester Leon (NED)"]
[Result "1-0"]
[WhiteElo "2555"]
[BlackElo "2380"]

1.e4 c5 2.Nf3 e6 3.d4 cxd4 4.Nxd4 Nf6 5.Nc3 d6 6.f4 Be7 7.Qf3 O-O 8.g4 e5
9.Nf5 d5 10.Nxe7+ Qxe7 11.g5 Nxe4 12.Nxd5 Qd7 13.Qxe4 exf4 14.Ne7+ Kh8 15.Bd3
Re8 16.Qxh7# 1-0

[Event "It (open)"]
[Site "masterchessopen.com Cappelle la Grande (France)"]
[Round "5"]
[White "Kveinys Aloyzas (LTU)"]
[Black "Lukov Valentin (BUL)"]
[Result "0-1"]
[WhiteElo "2510"]
[BlackElo "2400"]

1.e4 c5 2.Nf3 d6 3.d4 cxd4 4.Nxd4 Nf6 5.Nc3 e6 6.f4 Nc6 7.Be3 Be7 8.Qf3 e5
9.Nxc6 bxc6 10.f5 Qa5 11.Bc4 O-O 12.O-O-O Bb7 13.g4 d5 14.exd5 cxd5 15.Nxd5
Bxd5 16.Rxd5 Qb4 17.Rxe5 Qxc4 18.Rxe7 Qxa2 19.Bd4 Rfd8 20.c3 Rab8 21.Rb7 Nd5
22.Rxb8 Rxb8 23.b4 Re8 24.Kd1 a5 25.g5 axb4 {#R} 0-1

[Event "Ch Austria (juniors) (under 18)"]
[Site "masterchessopen.com Schladming (Austria)"]
[Round "0"]
[White "Gelbmann Norbert (AUT)"]
[Black "Kraschl Joerg (AUT)"]
[Result "0-1"]
[WhiteElo "2218"]
[BlackElo "2210"]

1.e4 c5 2.Nf3 e6 3.d4 cxd4 4.Nxd4 Nf6 5.Nc3 d6 6.f4 a6 7.Qf3 Qb6 8.Nb3 Qc7
9.Bd3 b5 10.g4 Bb7 11.g5 Nfd7 12.Bd2 Nc6 13.O-O Be7 14.Rae1 O-O 15.Qh3 b4
16.Nd5 exd5 17.exd5 g6 18.f5 Nce5 19.f6 Rfe8 20.fxe7 Bxd5 21.Re4 Rxe7 22.Rh4
Nf8 23.Rxb4 Rae8 24.Rd4 Qb6 25.Rf2 Bxb3 26.Rb4 Be6 {#R} 0-1

[Event "Ch Slovakia"]
[Site "masterchessopen.com Topolcianky (Slovakia)"]
[Round "10"]
[White "Lanc Alois (SVK)"]
[Black "Borik Juraj (SVK)"]
[Result "1-0"]
[WhiteElo "2440"]
[BlackElo "2198"]

1.e4 c5 2.Nf3 d6 3.d4 cxd4 4.Nxd4 Nf6 5.Nc3 e6 6.f4 a6 7.Qf3 Qc7 8.g4 Nc6
9.Nb3 b6 10.Be3 Bb7 11.g5 Nd7 12.O-O-O O-O-O 13.f5 Re8 14.fxe6 fxe6 15.h4 Nce5
16.Qh3 Kb8 17.Rh2 g6 18.Rhd2 Nc4 19.Bxc4 Qxc4 20.Bf4 Ne5 21.Rxd6 {#r} 1-0

[Event "Ch Czech Republic (open)"]
[Site "masterchessopen.com Usti nad Labem (Czech Republic)"]
[Round "0"]
[White "Mokry Karel (CZE)"]
[Black "Stocek Jiri (CZE)"]
[Result "1-0"]
[WhiteElo "2530"]
[BlackElo "2350"]

1.e4 c5 2.Nf3 d6 3.d4 cxd4 4.Nxd4 Nf6 5.Nc3 e6 6.f4 Be7 7.Bd3 Nc6 8.Nf3 O-O
9.O-O Nb4 10.Be2 d5 11.e5 Ne4 12.Be3 b6 13.Nb5 Qd7 14.c3 Na6 15.Qc2 Nc7 16.a4
Bb7 17.Rfd1 a6 18.Nbd4 b5 19.axb5 axb5 20.Rxa8 Rxa8 21.Nxb5 Nxb5 22.Qxe4 Ra2
23.Qc2 Ba3 24.Rb1 d4 25.Nxd4 Nxd4 26.Bxd4 {#r} 1-0

[Event "It \"]
[Site "masterchessopen.com Varna (Bulgaria)"]
[Round "3"]
[White "Petrov Marijan (BUL)"]
[Black "Dumitrescu Dragos-Nicolae (ROM)"]
[Result "1-0"]
[WhiteElo "2395"]
[BlackElo "2343"]

1.e4 c5 2.Nf3 d6 3.d4 cxd4 4.Nxd4 Nf6 5.Nc3 e6 6.f4 Nc6 7.Nf3 a6 8.Bd3 Qc7
9.O-O Be7 10.Qe1 b5 11.e5 Nd7 12.Qg3 O-O 13.f5 dxe5 14.Bh6 Bf6 15.Ne4 Kh8
16.Nxf6 gxh6 17.Nxh7 Rg8 18.Qh4 Kxh7 19.f6+ Rg6 20.Ng5+ Kg8 21.Bxg6 Qa7+
22.Kh1 fxg6 23.Qxh6 {#r} 1-0

[Event "It (open)"]
[Site "masterchessopen.com Velden (Austria)"]
[Round "5"]
[White "Klinger Josef (AUT)"]
[Black "Ammann Philipp (SUI)"]
[Result "1-0"]
[WhiteElo "1981"]
[BlackElo "2220"]

1.e4 c5 2.Nf3 e6 3.d4 cxd4 4.Nxd4 Nf6 5.Nc3 d6 6.f4 Be7 7.Bb5+ Bd7 8.e5 Nd5
9.Nxd5 exd5 10.e6 fxe6 11.Nxe6 Bh4+ 12.g3 Qe7 13.Bxd7+ Kxd7 14.f5 Bf6 15.Qxd5
Nc6 16.O-O Rae8 17.Bf4 g5 18.Rfe1 gxf4 19.Nc5+ {#r} 1-0

[Event "It (open) \"]
[Site "masterchessopen.com London (England)"]
[Round "8"]
[White "Zymberi Astrit (ALB)"]
[Black "Buckley Graeme (ENG)"]
[Result "0-1"]
[WhiteElo "2154"]
[BlackElo "2295"]

1.e4 c5 2.Nf3 d6 3.d4 cxd4 4.Nxd4 Nf6 5.Nc3 e6 6.f4 Be7 7.Be3 O-O 8.Qf3 e5
9.Nf5 Bxf5 10.exf5 Nbd7 11.Bd3 d5 12.Nxd5 Qa5+ 13.Nc3 Ba3 14.Bd2 Bxb2 15.Nd1
Qa3 16.Rb1 Bd4 17.Rxb7 Rfe8 18.Be4 Qa6 19.Rxd7 Nxd7 20.Bxa8 exf4+ 21.Be3 Qa5+
22.Ke2 fxe3 23.c3 Qxa2+ 24.Kd3 Qd2+ 25.Kc4 Ne5+ {#R} 0-1

[Event "Zt"]
[Site "masterchessopen.com Ankara (Turkey)"]
[Round "0"]
[White "Minasian Artashes (ARM)"]
[Black "Gurcan Selim (TUR)"]
[Result "1-0"]
[WhiteElo "2565"]
[BlackElo "2305"]

1.e4 c5 2.Nc3 e6 3.Nf3 d6 4.d4 cxd4 5.Nxd4 Nf6 6.f4 a6 7.Bd3 b5 8.e5 dxe5
9.fxe5 Nd5 10.Qg4 Bb7 11.Ne4 h5 12.Qh3 Qb6 13.Nf3 Nd7 14.Bd2 Nc5 15.Nxc5 Bxc5
16.O-O-O O-O-O 17.Ng5 Rd7 18.Rhe1 Nb4 19.Bxb4 Bxb4 20.Rf1 Qc7 21.Nxf7 Rxf7
22.Qxe6+ Rd7 23.Bf5 Bc6 24.Rxd7 Bxd7 25.Qxa6+ Kb8 26.Be4 {#r} 1-0

[Event "n) (b"]
[Site "masterchessopen.com Bratislava (Slovakia)"]
[Round "4"]
[White "Halasz Michal (SVK)"]
[Black "Lukac Stefan (SVK)"]
[Result "1-0"]
[WhiteElo "1740"]
[BlackElo "1906"]

1.e4 c5 2.Nf3 d6 3.d4 cxd4 4.Nxd4 Nf6 5.Nc3 e6 6.f4 a6 7.Be3 Be7 8.Qf3 O-O
9.O-O-O Nc6 10.e5 Nxd4 11.Rxd4 Ne8 12.Bc4 d5 13.Bb3 Nc7 14.Rd3 b5 15.Bd4 Bb7
16.Qh5 h6 17.g4 f5 18.Rg1 Qe8 19.Qh3 b4 20.gxf5 Rxf5 21.Qxh6 g5 22.Rh3 bxc3
23.Qh8+ {#r} 1-0

[Event "Ch Colombia"]
[Site "masterchessopen.com Cartagena (Colombia)"]
[Round "6"]
[White "Rios Alejandro (COL)"]
[Black "Gutierrez Jose A (COL)"]
[Result "0-1"]
[WhiteElo "2325"]
[BlackElo "2320"]

1.e4 c5 2.Nf3 d6 3.d4 cxd4 4.Nxd4 Nf6 5.Nc3 e6 6.f4 Nc6 7.Be3 Qc7 8.Qf3 a6
9.O-O-O Be7 10.Rg1 Nxd4 11.Bxd4 b5 12.g4 b4 13.Ne2 e5 14.Be3 Bb7 15.Ng3 Rc8
16.Bd3 d5 17.fxe5 dxe4 18.exf6 exd3 19.Qf2 Qxc2+ 20.Qxc2 Rxc2+ 21.Kb1 Bxf6
22.Bc1 O-O 23.Rxd3 Rxh2 24.Rd6 Be5 25.Rb6 Bd4 {#R} 0-1

[Event "Oberliga NRW 1994/95"]
[Site "masterchessopen.com Germany"]
[Round "0"]
[White "Hall Jesper (SWE)"]
[Black "Sygulski Artur (POL)"]
[Result "1-0"]
[WhiteElo "2415"]
[BlackElo "2360"]

1.e4 c5 2.Nf3 d6 3.d4 cxd4 4.Nxd4 Nf6 5.Nc3 e6 6.f4 a6 7.Bd3 e5 8.Nf3 Nc6
9.O-O Be7 10.Kh1 exf4 11.Bxf4 Be6 12.Qe1 Nh5 13.Be3 Ne5 14.Nxe5 dxe5 15.Rd1
Qc7 16.Nd5 Bxd5 17.exd5 Nf6 18.c4 e4 19.Bf4 Bd6 20.Bxd6 Qxd6 21.Bxe4 O-O 22.c5
Qd8 23.Bf3 Rc8 24.Qb4 Qc7 25.Rc1 b6 26.d6 {#r} 1-0

[Event "It (open)"]
[Site "masterchessopen.com Leeuwarden (Netherlands)"]
[Round "2"]
[White "Ulibin Mikhail (RUS)"]
[Black "Van Den Doel Erik (NED)"]
[Result "1-0"]
[WhiteElo "2545"]
[BlackElo "2305"]

1.e4 c5 2.Nf3 e6 3.d4 cxd4 4.Nxd4 Nf6 5.Nc3 d6 6.f4 Nc6 7.Be3 Be7 8.Qf3 O-O
9.O-O-O Bd7 10.Rg1 Nxd4 11.Bxd4 Bc6 12.g4 Qa5 13.g5 Nd7 14.Qh5 Rfc8 15.Rg3 Nf8
16.f5 exf5 17.Bc4 Be8 18.Nd5 Bd8 19.Nf6+ {#r} 1-0

[Event "Ch Spain (team)"]
[Site "masterchessopen.com Mondariz (Spain)"]
[Round "4"]
[White "Sanz Alonso Francisco J (ESP)"]
[Black "Gil Gonzalez Jose Manuel (ESP)"]
[Result "0-1"]
[WhiteElo "2390"]
[BlackElo "2375"]

1.e4 c5 2.Nf3 d6 3.d4 cxd4 4.Nxd4 Nf6 5.Nc3 e6 6.f4 Be7 7.Bd3 O-O 8.O-O e5
9.fxe5 dxe5 10.Nf5 Bxf5 11.Rxf5 Nc6 12.Kh1 Nd4 13.Rxe5 Bd6 14.Rg5 h6 15.e5
hxg5 16.exd6 Qxd6 17.Bxg5 Rfe8 18.Qd2 Rad8 19.Qf2 Qe5 20.Bf4 Qh5 21.Rf1 Ng4
22.Qg3 Nf5 23.Qf3 Re3 24.Qxb7 Ng3+ 25.Bxg3 Rxg3 {#R} 0-1